Quản trị sản xuất tinh gọn : Một số kinh nghiệm thế giới (Sách chuyên khảo)

में बचाया:
ग्रंथसूची विवरण
मुख्य लेखक:  Phan, Chí Anh
स्वरूप: Sách
भाषा:Undetermined
प्रकाशित:  Đại học Quốc gia Hà Nội  2015
विषय:
टैग : टैग जोड़ें
कोई टैग नहीं, इस रिकॉर्ड को टैग करने वाले पहले व्यक्ति बनें!
Thư viện lưu trữ: Trung tâm Thư viện - Trường Đại học Công nghiệp TP. Hồ Chí Minh
LEADER 00587nam a2200157Ia 4500
001 UIH_02985
008 231011s9999 xx 000 0 und d
082 |a  658.5 
100 |a  Phan, Chí Anh 
245 0 |a  Quản trị sản xuất tinh gọn : Một số kinh nghiệm thế giới (Sách chuyên khảo) 
245 0 |c  Phan, Chí Anh 
260 |b  Đại học Quốc gia Hà Nội 
260 |c  2015 
650 |a  Quản lý sản xuất;  
927 |a Sách 
980 |a Trung tâm Thư viện - Trường Đại học Công nghiệp TP. Hồ Chí Minh